Abfalldeponie-Zeitbombe oder technisches Bauwerk? /
Salvato in:
| Altri autori: | |
|---|---|
| Natura: | Libro |
| Lingua: | inglese |
| Pubblicazione: |
Aachen :
Verlag Shaker,
1993
|
| Tags: |
Nessun Tag, puoi essere il primo ad aggiungerne!!
|
MARC
| LEADER | 00000nam a22000003a 4500 | ||
|---|---|---|---|
| 001 | stu24345 | ||
| 005 | 20150617225742.1 | ||
| 008 | 970306s1993----gw------------------eng-d | ||
| 020 | |a 3-86111-596-4 | ||
| 040 | |a STU |b slo | ||
| 041 | 0 | |a eng | |
| 044 | |a gw | ||
| 080 | |a 628.44 | ||
| 100 | 1 | |a Benndorf, Ulrich |4 com | |
| 245 | 1 | |a Abfalldeponie-Zeitbombe oder technisches Bauwerk? / |c Hrsg. Benndorf,Ulrich | |
| 260 | |a Aachen : |b Verlag Shaker, |c 1993 | ||
| 300 | |a 126 s : |b Obr.,tab.,grafy | ||
| 996 | |b C94721 |c C*94721 |l CCXXVI |s P |a 0 |w stu24345_0001 | ||